[Event "Sharjah Master 2024"]
[Site "Shsrjah - Abu Dhabi"]
[Date "2024.05.14"]
[Round "1.23"]
[White "Nguyen, Thai Dai Van"]
[Black "Pranav, V."]
[Result "1-0"]
[WhiteElo "2649"]
[BlackElo "2530"]
[PlyCount "111"]
[EventDate "2024.05.14"]
[EventCountry "UAE"]

{[%evp 12,111,26,27,33,26,27,26,29,21,30,25,29,28,35,25,36,35,35,-7,-4,-5,17,18,12,7,21,20,18,7,51,3,40,25,28,10,42,47,61,61,99,93,106,103,129,117,133,124,175,172,164,164,204,198,197,172,171,127,184,184,184,116,121,125,139,151,186,186,237,248,242,229,221,241,234,232,218,186,239,232,228,232,480,374,471,466,468,371,467,460,524,509,582,571,1056,644,629,622,752,957,940,1050]} 1. c4 e6 2. Nc3 d5 3. d4 Nf6 4. cxd5 exd5 5. Bg5 Be7 6. e3 h6 7. Bh4 Bg4 8. Qc2 O-O 9. h3 Be6 {White has an edge.} 10. Rd1 $146 ({RR} 10. Nf3 Ne4 11. Nxe4 Bxh4 12. Nc5 Bc8 13. Nxh4 Qxh4 14. Be2 c6 15. b4 Re8 16. O-O Qg5 17. Kh1 Nd7 18. b5 Nxc5 19. Qxc5 Re6 20. bxc6 Rg6 {[%csl Gg6][%cal Rg5g2]} 21. Bf3 bxc6 22. Qa5 h5 23. Qc7 Qh4 24. Qf4 ({Better is} 24. Rac1 $14) 24... Qxf4 {Lei,T (2550)-Tan,Z (2521) Toronto CAN 2024 0-1 (52)}) ({RR} 10. Nf3 Ne8 11. Bxe7 Qxe7 12. Bd3 c6 13. O-O Nd7 14. Rae1 a5 15. e4 dxe4 $1 16. Bxe4 Qd6 17. Bh7+ Kh8 18. Bf5 Bxf5 19. Qxf5 Nef6 20. Re2 g6 21. Qc2 Kg7 22. Rfe1 Rfe8 23. Ne5 Nf8 24. Qb3 Re7 {Leenhouts,K (2432)-Victor,J (2289) Wachtebeke BEL 2024 1-0 (45)} (24... Qc7 $1 $11)) ({RR} 10. Nf3 Nbd7 11. Bd3 c6 12. Bg3 c5 13. dxc5 Nxc5 14. Be5 Nxd3+ 15. Qxd3 Nd7 16. Bd4 Rc8 17. O-O Nc5 18. Qe2 Qa5 19. Rfd1 Rfd8 20. Ne5 Bd6 21. Qh5 Bf8 22. Nd3 Nxd3 23. Rxd3 b5 24. f4 ({White should play} 24. Ne2 $14) 24... f6 {Hesham,A (2366)-Mouhamad,J (2269) Budapest HUN 2024 ½-½ (49)}) 10... Ne8 11. Bxe7 Qxe7 12. Bd3 Nd6 13. Nge2 Nd7 14. O-O c6 15. f3 f5 16. Rde1 Rae8 17. Nf4 Qf6 18. Qf2 Bf7 19. Bc2 a5 20. b3 b5 21. Qd2 g5 22. Nfe2 Bg6 23. Nd1 {[%cal Bc3d1,Bd1f2,Bf2d3,Bd3c5][%mdl 32]} Qd8 24. Nf2 Re6 25. Nd3 Kh7 26. Nc5 Re7 27. Nxd7 Rxd7 28. Nc1 $1 Re7 29. Nd3 Nf7 30. Bb1 b4 31. f4 Qd6 $6 {Inaccuracy. gxf4 was best.} (31... gxf4 32. exf4 Nd6 33. Rxe7+ Qxe7 34. Ne5 Be8 35. Rc1 Qf6 36. Qe3 Ne4 37. Bxe4) 32. Rc1 Qe6 33. Ne5 Nxe5 34. fxe5 Rg7 (34... Rc7 $16) 35. Rc5 $18 f4 36. Bxg6+ $6 {Inaccuracy. Qc1 was best.} (36. Qc1 $1 Bxb1 37. Qxb1+ Rg6 38. exf4 $1 gxf4 39. Rf3 h5 40. Rxa5 h4 41. Qc2 Qf5) (36. exf4 $6 Bxb1 37. Rxb1 gxf4 $14) (36. Qc1 $1 $18) 36... Qxg6 $16 37. Qc2 Qxc2 $6 {Inaccuracy. Rc7 was best.} (37... Rc7) 38. Rxc2 {[%mdl 4096] Endgame KRR-KRR} Rgf7 39. e6 $1 {[%cal Re6f7]} (39. Rxc6 fxe3 40. Re1 Rf4 $11) 39... Rf6 $6 {Inaccuracy. Rc7 was best.} (39... Rc7 40. exf4 gxf4 41. Re1 Kg7 42. Kf2 $1 Re8 43. Re5 Kf6 {[#]} 44. Rce2 $1 Ke7 45. Rf5) 40. Rxc6 {Black must now prevent e7.} Re8 41. exf4 gxf4 42. Re1 f3 43. Re5 fxg2 44. Rc7+ ({Don't play} 44. Rxd5 $6 Rfxe6 45. Rxe6 Rxe6 $16) (44. Kxg2 Rg8+ 45. Kh2 Rf2+ 46. Kh1 Rf1+ 47. Kh2 Rf2+ 48. Kh1 Rf1+ 49. Kh2 Rf2+ $11) 44... Kg6 45. e7 (45. Rxd5 Rfxe6 46. Rc2 (46. Kxg2 Re2+ 47. Kg3 R8e3+ 48. Kg4 Re4+ 49. Kg3 R4e3+ 50. Kh4 Re4+ 51. Kg3 R4e3+ $11) (46. Rxa5 Re1+ 47. Kxg2 R8e2+ 48. Kg3 Re3+ 49. Kh4 Re4+ {[%mdl 64] Double Attack} 50. Kg3 R4e3+ 51. Kh4 Re4+ {[%mdl 64] Double Attack} 52. Kg3 R4e3+ $11) 46... Re1+ 47. Kxg2 R8e2+ 48. Rxe2 Rxe2+ 49. Kg3 Rxa2 $11) 45... Rf5 {[#] intending ...Rxe5.} 46. Rc6+ $1 ({Stronger than} 46. Kxg2 Rxe5 47. dxe5 Kf7 $11) 46... Kg5 $2 {Mistake. Rf6 was best.} (46... Rf6 47. Rc2) (46... Rf6 {was necessary.} 47. Rc2 Rf4) 47. Re2 Rf4 48. Re5+ Rf5 {next ...Rxe5 is good for Black.} 49. Re2 Rf4 $6 {Inaccuracy. Rf1+ was best.} (49... Rf1+ 50. Kxg2) 50. Rd6 {White is clearly winning.} Rf7 51. Rxd5+ Kh4 52. Rde5 Kxh3 {[%csl Gg2][%cal Rf7f1]} 53. R5e3+ Kh4 54. Kxg2 {aiming for d5.} Rf5 55. Re5 Rf4 56. R5e4 {Accuracy: White = 82%, Black = 59%.} 1-0

[Event "Sharjah Master 2024"]
[Site "Shsrjah - Abu Dhabi"]
[Date "2024.05.14"]
[Round "1.24"]
[White "Kacharava, Nikolozi"]
[Black "Yilmaz, Mustafa"]
[Result "1-0"]
[WhiteElo "2527"]
[BlackElo "2641"]
[PlyCount "61"]
[EventDate "2024.05.14"]
[EventCountry "UAE"]

{[%evp 11,61,5,7,-30,-29,-35,13,11,11,11,11,12,19,4,3,-11,35,18,18,19,35,30,71,72,58,46,67,67,63,62,408,407,407,406,407,405,405,400,405,401,389,397,430,432,448,426,466,467,474,468,461,455]} 1. e4 c5 2. Nf3 d6 3. d4 cxd4 4. Nxd4 Nf6 5. Nc3 a6 6. Rg1 b5 {[%cal Bb7b5,Bb5b4][%mdl 32]} 7. a4 b4 8. Nd5 e6 9. Nxf6+ {The position is equal.The position is equal.} Qxf6 10. Be3 Bb7 11. Qd2 Bxe4 12. O-O-O $146 ({RR} 12. f3 Bb7 13. Qxb4 Qe7 14. Nb3 Nc6 15. Qb6 Qd7 16. O-O-O $1 Qc8 $1 17. Bd4 Nxd4 18. Qxd4 Bd5 19. Kb1 Bxb3 20. cxb3 Qc5 21. Qxc5 dxc5 22. f4 g6 23. g4 Bg7 24. Bg2 Ra7 25. f5 O-O 26. Rge1 Bd4 {Klimkowski,J (2531)-Nasuta,G (2563) chess.com INT 2024 0-1 (32)}) 12... Qd8 13. Bg5 Be7 14. Bxe7 Qxe7 15. f3 $36 {[%mdl 2048] White is pushing. Black is under pressure.} Bg6 $1 16. h4 Qxh4 17. f4 Be4 $1 18. g4 Nd7 19. Bg2 Bxg2 20. Rxg2 {And now Nc6 would win. Nc6 is the strong threat.} Rc8 $4 {[#] Blunder. d5 was best.} (20... d5) (20... d5 $14) (20... d5 $14) 21. Nf5 $1 $18 {[%mdl 512]} exf5 22. Qxd6 {[%mdl 64] Threatening mate with Re2+. Double Attack. Re2+ would kill now.} Qe7 {[#] Strongly threatening ...Qxd6. aiming for ...Qxd6.} 23. Re2 $1 {[%csl Ge2][%cal Rd6e7][%mdl 512]} Rxc2+ (23... Qxe2 {23...xc2+ 4.06} 24. Qxd7+) 24. Rxc2 {Rc8+ would kill now. White threatens Rc8+ and mate.} Qxd6 25. Rxd6 {[%mdl 4096] Endgame KRR-KRN} Ke7 26. Rxa6 {Re2+ is the strong threat. And now Re2+ would win.} Rb8 27. gxf5 {White is clearly winning.White is clearly winning.} Rb7 28. a5 b3 29. Re2+ Kd8 30. Ra8+ Kc7 31. Re7 {Accuracy: White = 89%, Black = 64%. . Accuracy: White = 95%, Black = 63%.} 1-0

[Event "Sharjah Master 2024"]
[Site "Shsrjah - Abu Dhabi"]
[Date "2024.05.14"]
[Round "1.25"]
[White "Mendonca, Leon Luke"]
[Black "Krzyzanowski, Marcin"]
[Result "0-1"]
[WhiteElo "2640"]
[BlackElo "2526"]
[PlyCount "126"]
[EventDate "2024.05.14"]
[EventCountry "UAE"]

{[%evp 16,126,26,9,16,12,9,9,14,12,12,11,13,14,26,12,28,0,10,4,0,0,25,20,24,30,34,38,98,24,19,0,0,2,16,-29,-29,-33,-29,-28,-25,-25,-28,-68,-55,-131,-125,-130,-125,-254,-250,-253,-251,-250,-242,-250,-238,-248,-243,-247,-178,-191,-187,-190,-82,-76,-53,-88,-49,-72,-62,-98,-98,-124,-93,-86,-73,-89,-67,-44,-37,-255,-82,-131,-133,-375,-391,-355,-371,-423,-439,-479,-479,-480,-475,-475,-471,-473,-468,-469,-460,-495,-495,-495,-483,-480,-485,-485,-489,-502,-481,-574,-567]} 1. e4 {Stockfish 16.1} c5 2. Nf3 d6 ({RR} 2... Nc6 3. Nc3 d6 4. d4 cxd4 5. Nxd4 e5 6. Nde2 Nf6 7. g3 Be7 8. Bg2 O-O 9. O-O Bg4 10. h3 Bh5 11. g4 Bg6 12. Ng3 Ne8 13. Nd5 Bh4 14. Be3 Ne7 15. Nc3 Nc7 16. Qd2 b5 17. Rad1) 3. d4 cxd4 4. Nxd4 Nf6 5. Nc3 a6 6. Be2 e5 7. Nb3 Be7 8. O-O O-O 9. Re1 Be6 10. Bf3 Qc7 ({RR} 10... Nbd7 11. a4 Rc8 12. Nd2 Nb6 13. a5 Nc4 14. Nxc4 Rxc4 15. Be3 Qb8 ({RR} 15... Qd7) (15... Qd7 $11) 16. Na4 Bd8 17. b3 Rc6 18. Nb6 Bxb6 19. Bxb6 Rc3 20. Re3 Rfc8 21. Rxc3 Rxc3 22. Be3 Qc7 23. Ra2 Qd7 24. Bd2 Rc6 25. c4 {Carlsen,M (2896)-Ivic,V (2654) Chess.com 2024 [Stockfish 16.1] 1-0 (51)}) 11. a4 Rc8 {The position is equal.} 12. Be3 $146 ({RR} 12. Bg5 Nbd7 13. Nd2 Qc6 14. Nf1 Bd8 15. Ne3 h6 16. Bxf6 Nxf6 17. Ncd5 Bxd5 18. exd5 Qd7 19. Qd3 Bb6 20. Nc4 Qc7 21. b3 Bd4 22. c3 Bxc3 (22... Ba7 $17) 23. Qxc3 b5 24. Rxe5 (24. Rec1 $15 bxc4 25. a5) 24... dxe5 25. d6 Qb8 $1 26. Bxa8 bxc4 {Haba,P (2444)-Kvetny,M (2412) Austria AUT 2024 ½-½ (97)}) 12... Nbd7 13. a5 h6 14. h3 Bf8 15. Nd2 Qc6 16. Ndb1 Be7 17. b3 Bd8 18. Ra2 b6 19. axb6 Nxb6 20. Re2 a5 21. Rd2 Be7 ({Black should try} 21... Bc7 $14) 22. Qe2 (22. Nd5 $1 $16 {[%cal Rd5e7]} Bxd5 23. exd5) 22... Nbd7 $11 23. Qb5 Qc7 24. Na4 Rab8 25. Qa6 {[#]} Bc4 $1 $36 {[%mdl 2560] White is under pressure.} 26. Qxc4 Qxc4 27. bxc4 {Strongly threatening Na3.} Rxb1+ 28. Kh2 Rxc4 29. Nb2 Rc8 30. c3 (30. Na4 $15) 30... Nc5 $17 (30... Rxc3 31. Rd1 $15) 31. Bxc5 Rxc5 ({Don't play} 31... dxc5 $6 32. Rxa5 Rc1 33. Na4 $11) 32. Nd3 $2 {Mistake. c4 was best.} (32. c4 g6 33. g3 Kg7 34. h4 h5 35. Kh3 Rc8 36. Kg2 Kg8 37. Rc2 Bd8 $1) (32. c4 $17 {might work better.}) 32... Rxc3 $19 33. Rxa5 {[#]} d5 $1 {[%mdl 512]} 34. Ra4 (34. exd5 e4) 34... Bd6 35. Nb2 Ra3 {Threatens to win with ...Rxb2!} ({Don't take} 35... dxe4 36. Bxe4 Nxe4 37. Rxe4) 36. Rxa3 Bxa3 37. Nd1 Bb4 ({Weaker is} 37... Nxe4 38. Rxd5 Nf6 39. Rd8+ Kh7 40. Nc3 $17) 38. Rc2 dxe4 39. Be2 Bd6 $6 {Inaccuracy. g6 was best.} (39... g6 40. Ne3 Ba5 41. Ng4 Nxg4+ 42. hxg4 Bb6 43. Bc4 Rb4 44. Ba2 Kg7 45. Kh3) (39... g6 $19 40. Ne3 Kg7) 40. Ne3 $17 Rb8 (40... Bf8 {with more complications.} 41. g4 g6 42. h4 Kg7 43. h5 Bb4) 41. g4 Rd8 42. Kg2 g6 43. Rc6 $6 {Inaccuracy. Rd2 was best.} (43. Rd2) 43... Kg7 44. h4 Bb8 45. Ra6 Nd5 46. Bc4 Nf4+ 47. Kg3 Rd7 48. g5 $2 {Mistake. h5 was best.} (48. h5 $1 Rc7 49. hxg6 fxg6 50. Ra5 Ra7 51. Rb5 Bd6 52. Bd5 Ne2+ 53. Kg2 Ra4) (48. h5 $1 $15) 48... h5 $6 {Inaccuracy. Rc7 was best.} (48... Rc7 49. gxh6+ Kxh6 50. Bd5 Nh5+ 51. Kg2 Ba7 52. Bxe4 Bxe3 53. fxe3 Kg7 54. Rc6 (54. Bf3 {was called for.})) (48... Rc7 $19 {and Black stays clearly on top.} 49. Ba2 h5) 49. Ra5 Bd6 50. Bd5 $4 {Blunder. Bb5 was best.} (50. Bb5 Rc7) (50. Bb5 $17 Rc7 51. Ra6) 50... Bb4 $19 51. Rb5 {[#]} Be1 $1 52. Bxe4 Rd2 {Black is clearly winning.} 53. Rxe5 Rxf2 {Hoping for ...Ne2+.} 54. Re8 {White hopes to continue with Bf3.} Ne2+ 55. Kh3 Ng1+ 56. Kg3 Re2+ 57. Kf4 Bxh4 {aiming for ...Nh3+.} 58. Nd5 Nh3+ 59. Kf3 Rf2+ 60. Ke3 Bxg5+ 61. Kd4 h4 62. Rb8 Rd2+ 63. Kc3 Nf2 {Accuracy: White = 60%, Black = 76%.} 0-1

[Event "Sharjah Master 2024"]
[Site "Shsrjah - Abu Dhabi"]
[Date "2024.05.14"]
[Round "1.26"]
[White "Nikitenko, Mihail"]
[Black "Sargsyan, Shant"]
[Result "1/2-1/2"]
[WhiteElo "2525"]
[BlackElo "2637"]
[PlyCount "107"]
[EventDate "2024.05.14"]
[EventCountry "UAE"]

{[%evp 16,107,38,37,48,38,30,32,50,33,35,6,9,14,11,0,0,0,0,1,0,-1,14,12,9,7,12,0,0,0,21,16,20,22,27,21,24,21,21,25,25,12,21,21,24,18,31,32,35,29,30,17,21,14,38,28,49,33,51,55,62,59,70,41,41,41,44,47,46,24,20,26,46,45,43,7,7,8,26,5,11,9,29,0,0,0,0,0,0,0,0,0,0,0]} 1. e4 c5 2. Nf3 d6 3. d4 cxd4 4. Nxd4 Nf6 5. Nc3 a6 6. Bg5 e6 7. f4 h6 8. Bh4 Qb6 9. a3 Nc6 10. Bf2 $1 {[#] Black must now prevent Nxe6!} Qc7 11. Qf3 e5 {White is slightly better.} 12. Nxc6 bxc6 13. Bc4 $146 ({RR} 13. fxe5 dxe5 14. Bc4 Be7 15. O-O O-O 16. Kh1 a5 17. b3 Ba6 18. Bxa6 Rxa6 19. Qe2 Raa8 20. Na4 Rab8 21. Nb2 Nd7 22. Nc4 Bc5 23. Be1 Ra8 24. Rd1 a4 25. Ba5 Qc8 26. b4 Be7 27. Rd3 Ra7 {Kotronias,V (2453)-Velpula,S (2444) Pozarevac SRB 2024 ½-½ (47)}) 13... exf4 14. Qxf4 Be7 $1 15. O-O O-O 16. Bd4 Be6 17. Bxe6 fxe6 18. e5 dxe5 19. Bxe5 ({Much weaker is} 19. Qxe5 Qxe5 20. Bxe5 Ng4 $15) 19... Qb6+ 20. Kh1 Nd7 21. Qg4 {[%csl Ge5][%cal Rg4g7]} Nxe5 22. Qxe6+ {[%mdl 64] [#] Double Attack} Kh8 23. Qxe7 Ng6 24. Qb4 Qxb4 25. axb4 Rxf1+ 26. Rxf1 $11 {[%mdl 4096] Endgame KRN-KRN} Rb8 27. b3 Rxb4 28. Rd1 Kg8 29. Kg1 Ne7 30. Kf2 Rh4 31. h3 Rh5 32. Ne4 Nd5 33. c4 Rf5+ 34. Kg3 Nb4 35. h4 a5 36. Kg4 Rf8 37. Rd2 Kh7 38. h5 Rf7 39. Nc5 g6 40. hxg6+ Kxg6 41. Rd6+ Kg7 42. Rd7 (42. Ne6+ {keeps more tension.} Kh7 43. Nf4 Kg7 44. Re6 Kh7 45. Re2) 42... Rxd7 43. Nxd7 {KN-KN} Kf7 44. Nc5 Ke7 45. Kf5 Nc2 46. Ke5 h5 47. g3 Na1 48. Kd4 {Threatens to win with Kc3.} Nc2+ 49. Kd3 Nb4+ {The position is equal.} 50. Kc3 Kd6 51. Nb7+ Kc7 52. Nc5 $1 ({Wrong is} 52. Nxa5 $2 c5 $19) 52... Kd6 53. Nb7+ Kc7 54. Nc5 $1 {Accuracy: White = 81%, Black = 91%.} ({Don't go for} 54. Nxa5 $2 c5 $19) 1/2-1/2

[Event "Sharjah Master 2024"]
[Site "Shsrjah - Abu Dhabi"]
[Date "2024.05.14"]
[Round "1.27"]
[White "Mishra, Abhimanyu"]
[Black "Raja Rithvik R"]
[Result "1-0"]
[WhiteElo "2634"]
[BlackElo "2523"]
[PlyCount "56"]
[EventDate "2024.05.14"]
[EventCountry "UAE"]

{[%evp 17,56,24,48,0,0,0,0,-22,-19,-10,-19,-18,-24,0,-33,-33,30,30,64,53,57,57,90,7,5,6,3,7,3,7,192,196,182,182,201,199,267,268,292,298,259]} 1. e4 c5 2. Nf3 e6 3. d4 cxd4 4. Nxd4 Nf6 5. Nc3 Nc6 6. Bf4 Bb4 7. Ndb5 Nxe4 8. Qf3 d5 9. Nc7+ Kf8 $1 10. Nxa8 {Strongly threatening 0-0-0.} e5 11. Bd2 Nd4 $1 {[%cal Rd4f3]} 12. Qd3 {The position is equal.} Nc5 $146 ({RR} 12... Qh4 $2 {[%mdl 8192] 12...c5 -0.33} 13. Nxe4 Bxd2+ 14. Nxd2 Bf5 15. Qa3+ Kg8 16. Bd3 e4 17. Qa4 {1-0 (17) Macias Pino,D (2456)-Garrido Diaz,J (2291) Roquetas de Mar ESP 2024}) 13. Qg3 Nxc2+ {[%mdl 64] Double Attack} 14. Kd1 Nxa1 15. Qxe5 {[#]} Ne4 $1 {[%mdl 512] White must now prevent ...f6.} 16. Be1 (16. Nxe4 dxe4) 16... Bd6 ({Better is} 16... Bxc3 $15 17. bxc3 Qa5) 17. Qxd5 $11 Nxc3+ 18. Bxc3 Be6 19. Qd4 $40 {[%mdl 192] [#] Double Attack. White mounts an attack.} Ke7 {Threatens to win with ...Be5.} 20. Kc1 (20. Bd3 $16) 20... Bxa2 {aiming for ...Nb3+.} 21. Bc4 {White wants to mate with Re1+.} Nb3+ $1 ({But not} 21... Bxc4 $2 22. Qxc4 Re8 23. Kb1 $18) 22. Bxb3 $1 Bxb3 23. Re1+ Kd7 $2 (23... Be6 $1 $11 {and Black has nothing to worry.}) 24. Qg4+ $18 Be6 25. Rxe6 $1 fxe6 26. Qxg7+ {[%mdl 64] Double Attack} Kc6 (26... Kc8 {might work better.} 27. Qxh8 Qxh8 28. Bxh8 Bxh2) 27. Qxh8 Qxh8 28. Bxh8 b5 {Accuracy: White = 77%, Black = 63%.} 1-0

[Event "Sharjah Master 2024"]
[Site "Shsrjah - Abu Dhabi"]
[Date "2024.05.14"]
[Round "1.28"]
[White "Yilmazyerli, Mert"]
[Black "Murzin, Volodar"]
[Result "0-1"]
[WhiteElo "2522"]
[BlackElo "2631"]
[PlyCount "126"]
[EventDate "2024.05.14"]
[EventCountry "UAE"]

{[%evp 18,126,43,41,48,47,46,45,42,50,37,30,27,29,31,29,40,30,51,30,35,41,67,60,56,0,0,0,-3,-9,0,-1,-3,-6,0,-32,-36,-38,-43,-42,-17,-53,-55,-83,-26,-41,-29,-36,-36,-35,-32,-32,-35,-32,-34,-32,-35,-51,-50,-50,-51,-71,-57,-114,-76,-88,-85,-126,-126,-114,-128,-197,-197,-192,-101,-101,-102,-99,-102,-218,-224,-280,-276,-273,-243,-293,-281,-309,-276,-303,-307,-307,-296,-297,-303,-372,-370,-390,-390,-524,-526,-509,-507,-504,-510,-1126,-1125,-1041,-1039,-961,-1019]} 1. d4 Nf6 2. c4 g6 3. Nf3 Bg7 4. g3 O-O 5. Bg2 c6 6. Nc3 d6 7. O-O Bf5 8. Re1 Ne4 9. Qb3 Nxc3 10. bxc3 Bc8 11. e4 Nd7 12. Ba3 c5 {White is slightly better.} ({RR} 12... Re8 13. Rad1 Qc7 14. c5 dxc5 (14... Nf8 $16 {was necessary.}) 15. Ng5 $1 e6 16. e5 b6 17. Ne4 Ba6 18. Nd6 Rf8 19. Qa4 Bb5 20. Nxb5 cxb5 21. Qxb5 Rac8 22. f4 Rfe8 23. d5 exd5 24. Bxd5 Nf8 25. c4 Rcd8 26. Bb2 Ne6 27. Rd2 {Le Tuan Minh (2567)-Andreikin,D (2729) chess.com INT 2024 ½-½ (73)}) 13. e5 dxe5 $146 ({RR} 13... Qc7 {13...dxe5 0.40} 14. e6 $1 {[%cal Re6d7]} fxe6 15. Ng5 Nb6 16. Nxe6 Bxe6 17. Rxe6 Kh8 18. Rae1 Bf6 19. dxc5 dxc5 20. Bc1 Rad8 21. Bf4 Qd7 22. Bf1 g5 23. Bc1 Na4 24. R6e3 Nb6 25. Qa3 ({White should play} 25. Re6) 25... Qf5 26. f3 (26. Qb3 $16) 26... Nd7 27. Bd3 Qh3 28. Bf1 {Vakhidov,J (2599)-Ivic,V (2582) chess.com INT 2024 0-1 (40)}) 14. dxe5 Qc7 {[%cal Rd7e5]} 15. e6 fxe6 16. Ng5 Ne5 $1 17. f4 Rf5 18. Rad1 h6 19. fxe5 {And now Nf3 would win.} hxg5 20. Qb5 Kf7 $1 21. Be4 ({Not} 21. Bxc5 Bxe5 22. Rf1 Bf6 $17) ({White should try} 21. Qxc5 $14 Qxc5+ 22. Bxc5) 21... Bxe5 22. Bxf5 gxf5 23. Qxc5 Qxc5+ 24. Bxc5 Bc7 25. Bd4 $132 {[%mdl 2048] White is fighting back} Bd7 26. Be3 Bc6 27. Bxg5 Rg8 28. Be3 f4 29. Rf1 e5 30. Bxa7 Ke6 ({Better is} 30... e4 $17) 31. Rfe1 fxg3 32. hxg3 Rxg3+ {[%mdl 64] Double Attack} 33. Kf2 Rxc3 34. Rc1 Rf3+ 35. Ke2 Ra3 36. Bc5 Ra5 37. Bb4 Rxa2+ 38. Kd3 Rh2 39. Bc3 Rh4 40. Rg1 (40. Ra1 $15) 40... Bb6 {Hoping for ...Be4+.} 41. Rge1 e4+ 42. Kc2 e3 $1 43. Kb3 Rh3 44. Kb4 $4 {[#] Blunder. Bb4 was best.} (44. Bb4) (44. Bb4 $17) 44... Kf5 $1 $19 45. Rcd1 Bc7 $6 {Inaccuracy. e5 was best.} (45... e5 46. Rf1+ Ke4 47. c5 Bxc5+ 48. Kxc5 e2 49. Bb2 Rb3 50. Ba1 exd1=N 51. Rxd1) (45... e5 $19 46. Rf1+ Ke4) 46. Bd4 $17 Bf4 47. Bc5 e5 48. Rd8 $2 {Mistake. Rd3 was best.} (48. Rd3 {[#]} Ke4 $1) (48. Rd3 $17 {might work better.}) 48... Ke4 $19 49. Rf8 $6 {Inaccuracy. Rg8 was best.} (49. Rg8 Kf3 50. Rd8 Be4 51. Rf1+ Ke2 52. Rc1 Rh2 53. Rdd1 Kf3 54. Rc3 Rb2+) 49... Rh2 50. Kc3 Rd2 51. Rf7 Rd3+ 52. Kb4 Kf3 53. Rh7 Bd7 {...e2 is the strong threat.} 54. Rf1+ Ke4 {Threatens to win with ...e2.} 55. Re1 Bg4 56. Rg7 Bf3 57. Ka4 e2 58. Bb4 $6 {Inaccuracy. Rxb7 was best.} (58. Rxb7 Bd2 59. Reb1 e1=Q 60. Rxe1+ Bxe1 61. Rf7 Rd2 62. Kb5 Bf2 63. Bf8 Rb2+) 58... Bd2 {Black is clearly winning.} 59. Bxd2 Rxd2 60. Rxb7 Rd1 61. Rb1 (61. Rxe2+ $142 Bxe2 62. Ka3) 61... Rxe1 62. Rxe1 Ke3 63. Ra1 Kf2 {Accuracy: White = 65%, Black = 87%.} 0-1

[Event "Sharjah Master 2024"]
[Site "Shsrjah - Abu Dhabi"]
[Date "2024.05.14"]
[Round "1.29"]
[White "Puranik, Abhimanyu"]
[Black "Adhiban, B.."]
[Result "1/2-1/2"]
[WhiteElo "2629"]
[BlackElo "2520"]
[PlyCount "67"]
[EventDate "2024.05.14"]
[EventCountry "UAE"]

{[%evp 14,67,30,10,12,21,28,30,33,33,33,32,35,29,32,-10,1,0,0,-13,-18,-20,9,8,9,9,14,15,26,-59,-59,-60,-65,-66,-68,-53,-56,-43,0,-59,-33,-60,-3,-15,-9,-9,-11,-42,0,-113,-120,-119,-90,-128,-115,-113]} 1. Nf3 d5 2. g3 Nf6 3. Bg2 e6 4. O-O Be7 5. c4 O-O 6. d4 c6 7. Qc2 b6 8. Nbd2 c5 9. e4 ({RR} 9. dxc5 bxc5 10. e4 Nc6 11. exd5 exd5 12. cxd5 Nb4 13. Qb3 Bf5 14. Ne5 Nc2 $1 15. Nc6 Qd7 $1 16. Rb1 $1 Nd4 17. Qc4 Bd6 (17... Rac8 $11) 18. b4 Bxb1 19. bxc5 Bxc5 20. Qxc5 Ne2+ 21. Kh1 Bd3 22. Bb2 Rae8 23. Bxf6 gxf6 {Ponkratov,P (2608)-Fressinet,L (2637) Samarkand UZB 2023 1-0}) 9... Bb7 $146 {[%cal Rd5e4]} ({RR} 9... Nc6 10. cxd5 exd5 11. dxc5 bxc5 (11... Ba6 $1 $15 12. Re1 Bxc5) 12. exd5 Nxd5 13. a3 Rb8 14. Nc4 (14. Rd1 $14) 14... Be6 15. Rd1 Qc8 16. Bg5 Rd8 17. Bxe7 Ncxe7 18. Nfe5 Bf5 (18... h6 $11 {keeps the balance.}) 19. Qa4 Qc7 20. Rac1 Nb6 21. Qa5 h5 22. b4 cxb4 23. Rxd8+ (23. Ne3 $14 Rxd1+ 24. Rxd1) 23... Rxd8 24. axb4 {Kolmagorov,A (2124)-Sierra Vallina,L (2275) chess.com INT 2024 0-1 (39)}) ({RR} 9... Nc6 10. dxc5 bxc5 11. exd5 exd5 12. cxd5 Nxd5 13. Nb3 (13. a3 $11) 13... Ndb4 14. Qe4 {[#]} Ba6 $1 15. Re1 Bd3 16. Qg4 {[#]} Nc2 $1 17. Bh6 {[%csl Gh6][%cal Rg4g7]} Bg6 18. Red1 Qc8 19. Qxc8 Raxc8 20. Be3 Nxa1 21. Rxa1 Nb4 22. Rc1 c4 23. Na5 Nxa2 24. Rxc4 {Vakhidov,D (2175)-Idani,P (2602) Samarkand UZB 2023 0-1 (47)}) ({RR} 9... Nc6 10. e5 Nd7 11. cxd5 exd5 12. a3 Ba6 13. Re1 Nxd4 14. Nxd4 cxd4 15. b4 Rc8 16. Qb3 Bc4 17. Qb2 d3 18. Nf3 Re8 19. Be3 Bf8 (19... f6 $15 20. e6 Ne5) 20. Bd4 a5 21. Rec1 (21. h4 $14 {keeps the upper hand.}) 21... Qe7 22. Bh3 Rc6 23. Bc3 Rh6 (23... d4 $5 24. Nxd4 Nxe5 $14) 24. Bf5 {Andriamasoandro,M (2120)-Rakotomaharo,F (2460) Antananarivo MAD 2024 0-1 (53)}) 10. exd5 exd5 {White has an edge.} 11. dxc5 bxc5 12. cxd5 Bxd5 13. Rd1 Nc6 14. Nf1 Qc8 15. Bf4 Re8 16. Rd2 h6 17. Ne3 Bxf3 18. Bxf3 {White wants to play Nf5.} g5 19. Bxc6 gxf4 20. Bxe8 fxe3 21. Re2 $6 {Inaccuracy. Bxf7+ was best.} (21. Bxf7+ $1) (21. Bxf7+ $1 $11 Kxf7 22. Re2 (22. fxe3 Rb8 $14)) 21... Nxe8 $15 22. Rxe3 Bf6 23. Rae1 Ng7 24. Rf3 Qc6 $1 {[%cal Rc6f3]} 25. Rf4 Bg5 26. Rfe4 $6 {Inaccuracy. Rc4 was best.} (26. Rc4 Ne6 27. h4 Bf6 28. b4 $1 Bd4 29. Qe4 Qxe4 30. Rxe4 cxb4 31. Rxe6 fxe6) ({White should try} 26. Rc4 $11) 26... Rc8 27. b3 Nf5 (27... a5 $15) 28. h4 $11 Bf6 29. Rg4+ {[%mdl 64] Discovered Attack} Ng7 30. Qc4 Bd4 $6 {Inaccuracy. Qd7 was best.} (30... Qd7 31. Ree4 Rc6 32. Kg2 a5 33. Qe2 Kf8 34. Ra4 Nf5 35. Rxa5 Bd8 36. Raa4 $1) 31. Rf4 $2 {Mistake. Re7 was best.} (31. Re7 Qf6 32. Qe2 $1 Kf8 33. Rge4 $1 Ra8 34. Rxf7+ Kxf7 (34... Qxf7 $5 35. Rf4 $8 Nf5 $11) 35. Rf4 Qxf4 36. gxf4 Kf6) (31. Re7 $11 Qf6 32. Qe2) 31... Ne6 $17 {Black is better.} 32. Rf5 Rd8 33. Kh2 Bg7 34. Qe4 {Accuracy: White = 71%, Black = 77%.} 1/2-1/2